00267nam a22000735a 4500020002200000245004200022260011600064300001300180 a9781328320 (pbk.)00aSurvey of Nigerian affairs, 1978-79 / aIbadan :bNigerian Institute of International Affairs in co-operation with Macmillan Nigeria Publishers,c1988. a375 p. ;